[Event "DRUGA LIGA SRBIJE-GRUPA VOJVODINA 2016"]
[Site "Kac"]
[Date "2016.11.19"]
[Round "6.6"]
[White "Somborski, Nebojsa"]
[Black "Milanovic, Stanko"]
[Result "1-0"]
[WhiteElo "2327"]
[BlackElo "2150"]
[PlyCount "69"]
[EventDate "2016.11.15"]

1. e4 c5 2. Nf3 Nc6 3. d4 cxd4 4. Nxd4 Nf6 5. Nc3 g6 6. Nxc6 bxc6 7. e5 Nh5 8.
Be2 Ng7 9. O-O Qc7 10. f4 Nf5 11. Kh1 d5 12. exd6 Nxd6 13. Qd4 Rg8 14. Qc5 Qb6
15. Na4 Qc7 16. Bf3 Bd7 17. Qf2 Nb7 18. Be3 e6 19. Rad1 Be7 20. b3 f6 21. Bxa7
Kf7 22. Bb6 Qc8 23. Be3 Qc7 24. Nb6 Rad8 25. Nc4 c5 26. Bxb7 Qxb7 27. Bxc5 Bb5
28. Ne5+ Kg7 29. Nd3 Bxd3 30. Rxd3 Rxd3 31. cxd3 Bxc5 32. Qxc5 Rc8 33. Qe3 Rc2
34. Rf2 Qb6 35. Qxb6 1-0

[Event "DRUGA LIGA SRBIJE-GRUPA VOJVODINA 2016"]
[Site "Kac"]
[Date "2016.11.19"]
[Round "6.6"]
[White "Dimitrijevic, Nenad"]
[Black "Strbac, Mladen"]
[Result "1/2-1/2"]
[WhiteElo "2165"]
[BlackElo "2318"]
[PlyCount "28"]
[EventDate "2016.11.15"]

1. d4 d6 2. Nf3 f5 3. c4 Nf6 4. g3 g6 5. Bg2 Bg7 6. Nc3 O-O 7. O-O Qe8 8. e4
fxe4 9. Ng5 Bg4 10. Qb3 Nc6 11. Be3 Kh8 12. h3 Bd7 13. Rad1 e5 14. d5 Nd8
1/2-1/2

[Event "DRUGA LIGA SRBIJE-GRUPA VOJVODINA 2016"]
[Site "Kac"]
[Date "2016.11.19"]
[Round "6.6"]
[White "Todorovic, Nenad I"]
[Black "Mik, Aurel"]
[Result "1-0"]
[WhiteElo "2249"]
[BlackElo "2059"]
[PlyCount "55"]
[EventDate "2016.11.15"]

1. e4 e5 2. Nf3 Nf6 3. Nxe5 d6 4. Nc4 Nxe4 5. Qe2 Qe7 6. Ne3 Be6 7. g3 d5 8.
Bg2 c6 9. O-O g6 10. d4 Bg7 11. Rd1 O-O 12. c4 Nf6 13. Nxd5 Qd7 14. Nxf6+ Bxf6
15. Be3 Bg4 16. Bf3 Bxf3 17. Qxf3 Bg7 18. Nc3 Na6 19. Rac1 Nc7 20. Ne4 Qe7 21.
d5 cxd5 22. cxd5 Qd8 23. Bc5 Bxb2 24. Rb1 Bg7 25. Bxf8 Bxf8 26. d6 Ne6 27. Rxb7
f5 28. Qb3 1-0

[Event "DRUGA LIGA SRBIJE-GRUPA VOJVODINA 2016"]
[Site "Kac"]
[Date "2016.11.19"]
[Round "6.6"]
[White "Rajin, Milan"]
[Black "Perisic, Radivoj"]
[Result "0-1"]
[WhiteElo "1995"]
[BlackElo "2276"]
[PlyCount "98"]
[EventDate "2016.11.15"]

1. d4 Nf6 2. e3 c5 3. c3 b6 4. Bd3 Bb7 5. Nf3 g6 6. O-O Bg7 7. Ng5 Nc6 8. f4 e6
9. Nd2 Qc7 10. Nc4 d6 11. Qe2 b5 12. Nd2 a6 13. Nde4 cxd4 14. cxd4 Nd5 15. Bd2
h6 16. Nh3 f5 17. Nc3 Nf6 18. Rac1 Qb6 19. Bc2 Na5 20. b4 Nc4 21. Bb3 Rc8 22.
a4 Bd5 23. Nxd5 exd5 24. a5 Qa7 25. Nf2 h5 26. Nh3 Ne4 27. Be1 Bf6 28. Qf3 Qe7
29. Rc2 Kf7 30. Qe2 Kg7 31. Nf2 Rhe8 32. Nd1 Rc7 33. Rf3 Bh4 34. g3 Bf6 35. Kg2
h4 36. Bxc4 dxc4 37. Nc3 Nxc3 38. Bxc3 Qe4 39. Rc1 hxg3 40. hxg3 Rh8 41. Rg1
Kf8 42. Rh1 Rch7 43. Rxh7 Rxh7 44. Be1 Ke7 45. Bc3 Ke6 46. Be1 Bxd4 47. Qd2 Bf6
48. Qc1 c3 49. Bxc3 Rc7 0-1

[Event "DRUGA LIGA SRBIJE-GRUPA VOJVODINA 2016"]
[Site "Kac"]
[Date "2016.11.19"]
[Round "6.6"]
[White "Vulin, Milorad"]
[Black "Miracola, Giorgia"]
[Result "0-1"]
[WhiteElo "2044"]
[BlackElo "1894"]
[PlyCount "90"]
[EventDate "2016.11.15"]

1. e4 c5 2. Nf3 d6 3. d4 cxd4 4. Nxd4 Nf6 5. Nc3 a6 6. Bc4 e6 7. Bb3 Nbd7 8.
Be3 Nc5 9. f3 Qc7 10. Qd2 b5 11. O-O-O Bb7 12. Kb1 b4 13. Na4 Qa5 14. Nxc5 dxc5
15. Ne2 Be7 16. Nf4 O-O 17. g4 Qb5 18. Qe2 Qc6 19. Bc4 Nd7 20. Nd3 Nb6 21. Ne5
Qc7 22. Bf4 Bd6 23. Rxd6 Qxd6 24. Ng6 Qd4 25. Ne5 Rfd8 26. Bd3 Na4 27. Nc4 Bc6
28. Be5 Qd7 29. b3 Nc3+ 30. Bxc3 bxc3 31. Nb6 Qb7 32. Nxa8 Qb4 33. Nb6 Qxb6 34.
Qe1 Qa5 35. Qc1 Rb8 36. Ka1 Bb5 37. Qe3 c4 38. Qa7 Rd8 39. bxc4 Qa3 40. Rb1 Be8
41. Qb6 Rxd3 42. cxd3 c2 43. Qb2 cxb1=Q+ 44. Qxb1 Qc3+ 45. Qb2 Qxd3 0-1